[Event "CAN-op"]
[Site "Edmonton CAN"]
[Date "2000.07.09"]
[Round "3"]
[White "Kesteris, Imants"]
[Black "Chow, Vincent"]
[Result "0-1"]
[WhiteElo "1744"]
[BlackElo "2042"]
[PlyCount "40"]
[GameId "2160767911678088"]
[EventDate "2000.07.08"]
[EventType "swiss"]
[EventRounds "10"]
[EventCountry "CAN"]

1. e4 c6 2. d4 d5 3. Nc3 dxe4 4. Nxe4 Nf6 5. Ng3 Qc7 6. Nf3 Bg4 7. Bc4 e6 8. O-O Bd6 9. Qd3 Nbd7 10. Bb3 O-O-O 11. c4 h5 12. Ng5 h4 13. Nxf7 hxg3 14. fxg3 Bf5 15. Qd1 Ne4 16. c5 Bxg3 17. hxg3 Nxg3 18. Bf4 Rh1+ 19. Kf2 Qxf4+ 20. Qf3 Ne4+ 0-1

[Event "CAN-op"]
[Site "Edmonton CAN"]
[Date "2000.07.09"]
[Round "3"]
[White "Kesteris, Thorston"]
[Black "Miller, Chris"]
[Result "0-1"]
[WhiteElo "1152"]
[BlackElo "1557"]
[PlyCount "74"]
[GameId "2160767911678089"]
[EventDate "2000.07.08"]
[EventType "swiss"]
[EventRounds "10"]
[EventCountry "CAN"]

1. e4 c6 2. Nc3 d5 3. d3 d4 4. Nce2 e5 5. Nf3 Bd6 6. Bd2 Nf6 7. h3 Na6 8. a3 O-O 9. Ng3 Nc7 10. Be2 Bd7 11. O-O Qe7 12. Qc1 Nfe8 13. Ne1 f5 14. f4 fxe4 15. Nxe4 Nd5 16. Nxd6 Nxd6 17. fxe5 Rxf1+ 18. Bxf1 Qxe5 19. Nf3 Qg3 20. Be1 Qg6 21. Ne5 Qf5 22. Nxd7 Qxd7 23. Bf2 Nf5 24. Be2 Nfe3 25. c4 Nf4 26. Bxe3 Nxe2+ 27. Kh1 Nxc1 28. Rxc1 Re8 29. Bf2 Re2 30. Rf1 Rd2 31. Kh2 Rxd3 32. g3 Rd2 33. b4 Rc2 34. Kg2 d3 35. Rd1 d2 36. Kf1 Qd3+ 37. Kg1 Qe2 0-1

[Event "CAN-op"]
[Site "Edmonton CAN"]
[Date "2000.07.09"]
[Round "3"]
[White "Klokow, John"]
[Black "Beebe, Greg"]
[Result "1-0"]
[WhiteElo "1783"]
[BlackElo "1861"]
[PlyCount "119"]
[GameId "2160767911678090"]
[EventDate "2000.07.08"]
[EventType "swiss"]
[EventRounds "10"]
[EventCountry "CAN"]

1. e4 c5 2. Nf3 Nc6 3. Bb5 a6 4. Bxc6 dxc6 5. O-O g6 6. Re1 Bg7 7. c3 Nf6 8. h3 Qc7 9. d4 c4 10. Ne5 b5 11. Bf4 Qb7 12. Nd2 O-O 13. b3 Nh5 14. Bh2 cxb3 15. Nxb3 Nf6 16. Na5 Qb6 17. Naxc6 e6 18. a4 Bb7 19. axb5 axb5 20. Ne7+ Kh8 21. Rxa8 Bxa8 22. d5 Qc5 23. d6 Nxe4 24. Rxe4 Bxe4 25. Nd7 Qg5 26. Bg3 Rd8 27. Qe2 Rxd7 28. Qxe4 Bf8 29. Qc6 Ra7 30. Qe8 Kg7 31. Nc6 Ra1+ 32. Kh2 Rd1 33. d7 Qc1 34. Be5+ f6 35. Bxf6+ Kxf6 36. Qxf8+ Kg5 37. d8=Q+ Rxd8 38. Qxd8+ Kh6 39. Qf8+ Kg5 40. Qc5+ Kh6 41. Qe3+ Qxe3 42. fxe3 Kg5 43. Nd4 e5 44. Nxb5 Kf5 45. Kg3 Ke4 46. c4 h6 47. Nd6+ Kxe3 48. c5 e4 49. c6 Kd3 50. Nxe4 Kxe4 51. c7 g5 52. c8=Q h5 53. Qe6+ Kd4 54. Kf3 g4+ 55. hxg4 hxg4+ 56. Ke2 g3 57. Kd2 Kc5 58. Kc3 Kb5 59. Qd6 Ka4 60. Kc4 1-0

[Event "CAN-op"]
[Site "Edmonton CAN"]
[Date "2000.07.09"]
[Round "3"]
[White "Labik, Peter"]
[Black "Das, Samir"]
[Result "1-0"]
[WhiteElo "1717"]
[BlackElo "1396"]
[PlyCount "99"]
[GameId "2160767911678092"]
[EventDate "2000.07.08"]
[EventType "swiss"]
[EventRounds "10"]
[EventCountry "CAN"]

1. e4 e5 2. Nf3 Nc6 3. Bc4 Nf6 4. Nc3 Bb4 5. d3 O-O 6. Bg5 d6 7. h3 Re8 8. O-O Bxc3 9. bxc3 Be6 10. Bb3 b6 11. Qe2 h6 12. Bh4 Na5 13. Nd2 Nxb3 14. cxb3 Qc8 15. Bxf6 gxf6 16. f4 Bxh3 17. f5 Bxg2 18. Qxg2+ Kf8 19. Rf3 Ke7 20. Kh2 h5 21. Rg3 Rg8 22. Rg1 Rxg3 23. Qxg3 Qh8 24. d4 h4 25. Qg7 Qh5 26. Qg4 Qh6 27. Nf1 Rh8 28. dxe5 dxe5 29. Qf3 Qc1 30. Ne3 Qd2+ 31. Rg2 Qd6 32. Nd5+ Kf8 33. Qd3 c6 34. Nb4 Qc7 35. Rd2 a5 36. Qd8+ Qxd8 37. Rxd8+ Kg7 38. Rxh8 Kxh8 39. Nxc6 Kh7 40. Kh3 Kg7 41. Kxh4 Kf8 42. b4 axb4 43. cxb4 Ke8 44. a4 Kd7 45. Nxe5+ fxe5 46. Kg5 Ke7 47. a5 bxa5 48. bxa5 Kd7 49. Kf6 Kc6 50. Kxe5 1-0

[Event "CAN-op"]
[Site "Edmonton CAN"]
[Date "2000.07.09"]
[Round "3"]
[White "Langlois, Paul"]
[Black "Anderson, Ashton"]
[Result "1-0"]
[WhiteElo "1537"]
[BlackElo "1764"]
[PlyCount "117"]
[GameId "2160767911678094"]
[EventDate "2000.07.08"]
[EventType "swiss"]
[EventRounds "10"]
[EventCountry "CAN"]

1. f4 d5 2. Nf3 c5 3. g3 b6 4. Bg2 Bb7 5. O-O g6 6. d3 Bg7 7. Re1 Nf6 8. Ne5 O-O 9. Nd2 Nfd7 10. Nxd7 Nxd7 11. Nf3 e5 12. e4 dxe4 13. dxe4 Re8 14. f5 Rc8 15. c3 Nf6 16. Qxd8 Rcxd8 17. Bg5 Rd6 18. Bxf6 Bxf6 19. h4 Red8 20. g4 Bg7 21. Kf2 b5 22. Rab1 a5 23. h5 gxh5 24. g5 f6 25. Re2 b4 26. Rh1 Ba6 27. Ree1 fxg5 28. Rxh5 h6 29. Bf1 Bxf1 30. Kxf1 Kf7 31. Rh1 Rd3 32. Nxe5+ Bxe5 33. Rxh6 Bf4 34. cxb4 cxb4 35. e5 Rd1 36. e6+ Kg7 37. Rg6+ Kf8 38. f6 Rxe1+ 39. Kxe1 Rd6 40. e7+ Kf7 41. Rg7+ Kxf6 42. e8=N+ Kf5 43. Nxd6+ Bxd6 44. Ra7 Kf6 45. Rxa5 Be5 46. Ra6+ Kf5 47. Ra5 Kf6 48. Ra6+ Kf5 49. b3 Kf4 50. Rb6 Kf3 51. Kf1 Bc3 52. Rg6 g4 53. Rh6 g3 54. Rh3 Kg4 55. Kg2 Be5 56. Rh6 Kf4 57. Rh4+ Ke3 58. Rxb4 Kd3 59. Rc4 1-0

[Event "CAN-op"]
[Site "Edmonton CAN"]
[Date "2000.07.09"]
[Round "3"]
[White "Lauritson, Jim"]
[Black "Kekely, John"]
[Result "0-1"]
[WhiteElo "2057"]
[BlackElo "1799"]
[PlyCount "56"]
[GameId "2160767911678095"]
[EventDate "2000.07.08"]
[EventType "swiss"]
[EventRounds "10"]
[EventCountry "CAN"]

1. e4 d5 2. exd5 Qxd5 3. Nc3 Qa5 4. d4 Nf6 5. Bd3 Nc6 6. Nge2 Bg4 7. f3 Bh5 8. O-O O-O-O 9. Be3 e5 10. Bb5 Nxd4 11. Nxd4 exd4 12. Bxd4 Bc5 13. Bxc5 Rxd1 14. Rfxd1 a6 15. b4 Qa3 16. Rd3 axb5 17. Nxb5 Qb2 18. Bd4 Qxb4 19. Rb3 Qc4 20. Rab1 Nd5 21. c3 b6 22. Kh1 Kd7 23. Rd1 Ra8 24. Be5 Rxa2 25. Ra3 Rxa3 26. Nxa3 Qb3 27. Rd2 Qxa3 28. g4 Qc1+ 0-1

[Event "CAN-op"]
[Site "Edmonton CAN"]
[Date "2000.07.09"]
[Round "3"]
[White "Lentini, Joseph"]
[Black "Novikov, Igor A"]
[Result "0-1"]
[WhiteElo "2052"]
[BlackElo "2611"]
[PlyCount "60"]
[GameId "2160767911678096"]
[EventDate "2000.07.08"]
[EventType "swiss"]
[EventRounds "10"]
[EventCountry "CAN"]
[SourceTitle "EXT 2001"]
[Source "ChessBase"]
[SourceDate "2000.11.22"]
[SourceVersion "1"]
[SourceVersionDate "2000.11.22"]
[SourceQuality "1"]

1. e4 c5 2. Nc3 d6 3. g3 Nc6 4. Bg2 g6 5. Nge2 Bg7 6. d3 e6 7. O-O Nge7 8. Be3 Nd4 9. Rb1 O-O 10. Qd2 Nec6 11. Nf4 Qa5 12. a3 Rb8 13. b4 Qxa3 14. bxc5 Qxc5 15. Nfe2 Qa5 16. Kh1 Nxe2 17. Nxe2 Qxd2 18. Bxd2 Bd7 19. f4 Rfc8 20. Rb3 b5 21. Rfb1 b4 22. c3 a5 23. cxb4 Nxb4 24. Bxb4 Ba4 25. Ra3 Bc2 26. Rxa5 Bxb1 27. Bxd6 Bxd3 28. Bxb8 Bxe2 29. Ra8 Rc1+ 30. Bf1 Bf3+ 0-1

[Event "CAN-op"]
[Site "Edmonton CAN"]
[Date "2000.07.09"]
[Round "3"]
[White "Long, Hugh"]
[Black "Lipnowski, Michael"]
[Result "0-1"]
[WhiteElo "1928"]
[BlackElo "1618"]
[PlyCount "82"]
[GameId "2160767911678097"]
[EventDate "2000.07.08"]
[EventType "swiss"]
[EventRounds "10"]
[EventCountry "CAN"]

1. e4 c5 2. Nf3 e6 3. g3 Nc6 4. Bg2 d6 5. O-O g6 6. c3 Bg7 7. d3 Qc7 8. Be3 Nge7 9. Na3 a6 10. Rc1 O-O 11. d4 cxd4 12. cxd4 d5 13. e5 Qb6 14. Qd2 Nf5 15. Nb1 Nxe3 16. fxe3 Bh6 17. Nc3 Ne7 18. g4 Bd7 19. g5 Bg7 20. h4 Bc6 21. Bh3 Nf5 22. Bxf5 gxf5 23. Qg2 Be8 24. Rc2 Rc8 25. h5 Bb5 26. Rd1 Qd8 27. Qg3 Kh8 28. Kh1 Rg8 29. Rg2 Be8 30. Rdg1 Bf8 31. Qh3 Rc7 32. Rh2 h6 33. g6 fxg6 34. hxg6 Bxg6 35. Rhg2 Rcg7 36. Ne2 f4 37. Nxf4 Be4 38. Qxh6+ Bh7 39. Nxe6 Rxg2 40. Nxd8 Rxg1+ 41. Nxg1 Bxh6 0-1

[Event "CAN-op"]
[Site "Edmonton CAN"]
[Date "2000.07.09"]
[Round "3"]
[White "Ludwig, David"]
[Black "Hinds, Riana"]
[Result "1-0"]
[WhiteElo "1801"]
[BlackElo "1295"]
[PlyCount "53"]
[GameId "2160767911678098"]
[EventDate "2000.07.08"]
[EventType "swiss"]
[EventRounds "10"]
[EventCountry "CAN"]

1. c4 e5 2. Nc3 Nf6 3. Nf3 d6 4. d3 c6 5. g3 Be7 6. Bg2 O-O 7. O-O Be6 8. Ng5 Qd7 9. Nxe6 Qxe6 10. Qb3 Qd7 11. f4 Ng4 12. f5 Na6 13. e4 Nc5 14. Qd1 Nf6 15. g4 g6 16. g5 Nh5 17. f6 Bd8 18. Be3 Nf4 19. Bxf4 exf4 20. Rxf4 Ne6 21. Bh3 Bb6+ 22. Kh1 Bd4 23. Qg4 Rad8 24. Qh4 Bxc3 25. bxc3 d5 26. Qh6 dxc4 27. Rh4 1-0

[Event "CAN-op"]
[Site "Edmonton CAN"]
[Date "2000.07.09"]
[Round "3"]
[White "Lynn, Jim"]
[Black "McMaster, Carolyn"]
[Result "1-0"]
[WhiteElo "1904"]
[BlackElo "1569"]
[PlyCount "51"]
[GameId "2160767911678099"]
[EventDate "2000.07.08"]
[EventType "swiss"]
[EventRounds "10"]
[EventCountry "CAN"]

1. c4 e6 2. Nf3 d5 3. g3 c6 4. Bg2 Nd7 5. Qc2 Ngf6 6. O-O Qc7 7. d4 dxc4 8. Qxc4 Nb6 9. Qc2 c5 10. Bf4 Bd6 11. Bxd6 Qxd6 12. dxc5 Qe7 13. cxb6 axb6 14. Qb3 Qc7 15. Nc3 Bd7 16. Rac1 Rc8 17. e3 O-O 18. Ne2 Qb8 19. Qxb6 e5 20. Qa5 Bg4 21. b4 Rfd8 22. Rxc8 Qxc8 23. Qxe5 Rd2 24. Nxd2 Bxe2 25. Re1 Ng4 26. Qc5 1-0

[Event "CAN-op"]
[Site "Edmonton CAN"]
[Date "2000.07.09"]
[Round "3"]
[White "MacFarlane, Donald"]
[Black "Chranowski, Rick"]
[Result "1/2-1/2"]
[WhiteElo "1484"]
[BlackElo "1882"]
[PlyCount "78"]
[GameId "2160767911678100"]
[EventDate "2000.07.08"]
[EventType "swiss"]
[EventRounds "10"]
[EventCountry "CAN"]

1. e4 b6 2. d4 Bb7 3. Nc3 e6 4. Bd3 Bb4 5. Nge2 Nf6 6. O-O d5 7. f3 a6 8. Bg5 h6 9. Bh4 g5 10. Bg3 c5 11. a3 Bxc3 12. Nxc3 cxd4 13. Ne2 dxe4 14. fxe4 Nc6 15. b4 b5 16. Nc1 Nd7 17. Nb3 e5 18. Qh5 Qe7 19. h4 Nf6 20. Qf3 Nh7 21. Rf2 gxh4 22. Bxh4 Ng5 23. Qh5 O-O-O 24. Qg4+ Kb8 25. Raf1 Rdf8 26. Rf6 Nd8 27. Nc5 Nde6 28. Bxg5 hxg5 29. Nxe6 fxe6 30. Qxg5 Rfg8 31. Qxe5+ Ka8 32. Qxd4 Qg7 33. Kf2 Qxg2+ 34. Ke1 Rh1 35. Rxh1 Qxh1+ 36. Ke2 Rg2+ 37. Rf2 Qh5+ 38. Kf1 Qh1+ 39. Ke2 Qh5+ 1/2-1/2

[Event "CAN-op"]
[Site "Edmonton CAN"]
[Date "2000.07.09"]
[Round "3"]
[White "MacFie, Bob"]
[Black "McLaughlin, Robert"]
[Result "1-0"]
[WhiteElo "1627"]
[BlackElo "1288"]
[PlyCount "123"]
[GameId "2160767911678101"]
[EventDate "2000.07.08"]
[EventType "swiss"]
[EventRounds "10"]
[EventCountry "CAN"]

1. f4 d5 2. e3 Nc6 3. Bb5 a6 4. Bxc6+ bxc6 5. Nf3 Bg4 6. b3 Nf6 7. Bb2 e6 8. h3 Bxf3 9. Qxf3 Be7 10. c4 O-O 11. Na3 Rb8 12. O-O Ne4 13. Rfd1 Bf6 14. Be5 Bxe5 15. fxe5 Qg5 16. d3 Nc5 17. cxd5 cxd5 18. Rac1 Nd7 19. d4 Rb7 20. Nc4 Rb4 21. Nb2 Rc8 22. Rc6 Rb6 23. Rc3 c5 24. Na4 Rbc6 25. Rdc1 Qe7 26. e4 dxe4 27. Qxe4 f6 28. d5 exd5 29. Qxd5+ Kh8 30. exf6 gxf6 31. Qd3 Re6 32. Qf1 Re8 33. Nxc5 Nxc5 34. Rxc5 Qa7 35. Kh1 Qe7 36. Rc7 Qb4 37. Rc8 Rxc8 38. Rxc8+ Kg7 39. Rc7+ Kg6 40. Qb1+ f5 41. Rc1 Qd2 42. Rf1 Re5 43. Qd1 Qb4 44. Qf3 h5 45. Qc6+ Kg5 46. Qxa6 Re1 47. Qd3 Rxf1+ 48. Qxf1 Qd2 49. Qa1 Kf4 50. Qf1+ Kg3 51. Qf3+ Kh4 52. Kh2 Kg5 53. a4 h4 54. Qf1 Qb2 55. Qb5 Qc3 56. Qb8 f4 57. Qg8+ Kf5 58. Qf7+ Ke4 59. Qe6+ Kd3 60. Qd5+ Kc2 61. Qc4 Kb2 62. Qxc3+ 1-0

[Event "CAN-op"]
[Site "Edmonton CAN"]
[Date "2000.07.09"]
[Round "3"]
[White "Mair, Bob"]
[Black "Chi, Jonathan"]
[Result "1-0"]
[WhiteElo "1695"]
[BlackElo "1392"]
[PlyCount "49"]
[GameId "2160767911678102"]
[EventDate "2000.07.08"]
[EventType "swiss"]
[EventRounds "10"]
[EventCountry "CAN"]

1. b4 e5 2. Bb2 Bxb4 3. Bxe5 Nf6 4. Nf3 Nc6 5. Bb2 d6 6. c3 Bc5 7. d4 Bb6 8. Qc2 O-O 9. e4 Re8 10. Bd3 Bg4 11. Nbd2 Qe7 12. O-O-O Bd7 13. Rde1 h6 14. h3 a6 15. g4 Ba7 16. g5 hxg5 17. Nxg5 b5 18. f4 Bb6 19. Nb1 b4 20. Qf2 bxc3 21. Bxc3 Reb8 22. e5 dxe5 23. fxe5 Nd5 24. Qh4 Kf8 25. Qh8# 1-0

[Event "CAN-op"]
[Site "Edmonton CAN"]
[Date "2000.07.09"]
[Round "3"]
[White "Marks, Terry"]
[Black "Deimert, David"]
[Result "1-0"]
[WhiteElo "1593"]
[BlackElo "1099"]
[PlyCount "123"]
[GameId "2160767911678103"]
[EventDate "2000.07.08"]
[EventType "swiss"]
[EventRounds "10"]
[EventCountry "CAN"]

1. d4 Nf6 2. c4 e6 3. Nc3 Bb4 4. Qc2 O-O 5. Bg5 d5 6. a3 Bxc3+ 7. Qxc3 Nc6 8. e3 h6 9. Bxf6 Qxf6 10. Nf3 Re8 11. cxd5 exd5 12. Bd3 Bf5 13. O-O Bxd3 14. Qxd3 Qe6 15. b4 a6 16. Rfc1 Qe4 17. Qc2 Qxc2 18. Rxc2 f6 19. Rac1 Re7 20. Nd2 Rc8 21. Nb3 Rce8 22. Nc5 Nxd4 23. Rd2 Nf5 24. Kf1 Nd6 25. Rxd5 Re5 26. Rxe5 Rxe5 27. Nd7 Re4 28. Rxc7 Nb5 29. Rc8+ Kh7 30. a4 Na3 31. b5 Rxa4 32. bxa6 bxa6 33. Ra8 Nb5 34. Nf8+ Kg8 35. Ke2 Kf7 36. Nd7 Ke7 37. Nc5 Nc7 38. Ra7 Rc4 39. Nxa6 Kd6 40. Kd3 Rc1 41. Ke4 g6 42. Nxc7 Rxc7 43. Rxc7 Kxc7 44. Kd5 Kd7 45. e4 Ke7 46. f4 g5 47. f5 Kd7 48. g4 Ke7 49. Kc6 Ke8 50. Kd6 Kf7 51. Kd7 Kf8 52. Ke6 Kg7 53. Ke7 Kg8 54. Kxf6 Kf8 55. Kg6 Kg8 56. e5 Kf8 57. f6 Kg8 58. e6 Kf8 59. e7+ Ke8 60. f7+ Kxe7 61. Kg7 Kd6 62. f8=Q+ 1-0

[Event "CAN-op"]
[Site "Edmonton CAN"]
[Date "2000.07.09"]
[Round "3"]
[White "Martinson, Rick"]
[Black "Stanford, Mike"]
[Result "0-1"]
[WhiteElo "1750"]
[BlackElo "2124"]
[PlyCount "70"]
[GameId "2160767911678104"]
[EventDate "2000.07.08"]
[EventType "swiss"]
[EventRounds "10"]
[EventCountry "CAN"]

1. d4 Nf6 2. c4 e6 3. Nc3 d5 4. Nf3 Be7 5. e3 O-O 6. Bd3 b6 7. O-O Bb7 8. b3 Ne4 9. Qc2 Nxc3 10. Qxc3 Nd7 11. Nd2 c5 12. Bb2 Bf6 13. Qc2 h6 14. Rab1 Rc8 15. Be2 cxd4 16. exd4 dxc4 17. bxc4 Nb8 18. Qd3 Nc6 19. Ba3 Re8 20. Nf3 Nxd4 21. Nxd4 Qxd4 22. Qxd4 Bxd4 23. Rfc1 Bc5 24. Bb2 Red8 25. Bc3 Be4 26. Rb3 Rd7 27. Kf1 Rcd8 28. a3 a5 29. a4 Bd3 30. Ke1 Bxe2 31. Kxe2 f6 32. Rb2 Ba3 33. Rcb1 Bxb2 34. Rxb2 Rd6 35. Ke3 Rd3+ 0-1

[Event "CAN-op"]
[Site "Edmonton CAN"]
[Date "2000.07.09"]
[Round "3"]
[White "Miller, Brian"]
[Black "Thompson, Brent"]
[Result "1-0"]
[WhiteElo "1854"]
[BlackElo "1381"]
[PlyCount "117"]
[GameId "2160767911678105"]
[EventDate "2000.07.08"]
[EventType "swiss"]
[EventRounds "10"]
[EventCountry "CAN"]

1. d4 d5 2. c4 e6 3. Nc3 Nf6 4. Bg5 Bb4 5. Nf3 O-O 6. e3 Nbd7 7. Rc1 b6 8. cxd5 exd5 9. Bd3 Bb7 10. a3 Be7 11. O-O Ne4 12. Bxe7 Qxe7 13. Nd2 Rac8 14. Qc2 Ndf6 15. Rfe1 Rfe8 16. Nf3 Nd7 17. Qb3 Nxc3 18. Rxc3 Nf6 19. Bb5 c6 20. Bd3 Red8 21. Rec1 Rd6 22. Bf5 Rc7 23. Ne5 g6 24. Bh3 b5 25. a4 a6 26. axb5 axb5 27. Qc2 Qe8 28. Ra3 Kg7 29. Rca1 Qe7 30. Qc5 Ng8 31. Ra7 Rf6 32. Qxe7 Nxe7 33. Nd7 Nc8 34. Rxb7 Rxb7 35. Nxf6 Kxf6 36. Bxc8 Rc7 37. Bh3 Kg5 38. g3 f5 39. Rc1 Kf6 40. Bf1 Ke6 41. Bxb5 Kd6 42. Ba4 c5 43. Rxc5 Rxc5 44. dxc5+ Kxc5 45. Kf1 d4 46. Ke2 dxe3 47. Kxe3 Kb4 48. b3 g5 49. Kd4 h6 50. Ke5 f4 51. gxf4 gxf4 52. Kxf4 Kc5 53. Ke5 h5 54. f4 Kb6 55. f5 Kc7 56. f6 Kd8 57. Ke6 Kc7 58. f7 Kb6 59. f8=Q 1-0

[Event "CAN-op"]
[Site "Edmonton CAN"]
[Date "2000.07.09"]
[Round "3"]
[White "Neufahrt, Gerhard"]
[Black "Rowson, Jonathan"]
[Result "0-1"]
[WhiteElo "2131"]
[BlackElo "2494"]
[PlyCount "88"]
[GameId "2160767911678106"]
[EventDate "2000.07.08"]
[EventType "swiss"]
[EventRounds "10"]
[EventCountry "CAN"]

1. d4 Nf6 2. Nf3 g6 3. Bg5 Bg7 4. Nbd2 O-O 5. e4 d5 6. Bd3 dxe4 7. Nxe4 Nxe4 8. Bxe4 c5 9. dxc5 Bxb2 10. Qxd8 Rxd8 11. Rb1 Bc3+ 12. Ke2 Nc6 13. Rhd1 Re8 14. h3 Bg7 15. a4 Kf8 16. Be3 Nd8 17. a5 f5 18. Bd5 e6 19. Bb3 Nf7 20. Ba4 Re7 21. Ng5 h6 22. Nxf7 Kxf7 23. a6 b6 24. Bb5 bxc5 25. Bxc5 Rc7 26. Bd6 Rxc2+ 27. Rd2 Rxd2+ 28. Kxd2 Bxa6 29. Bxa6 Rd8 30. Rb7+ Kf6 31. Rxa7 Rxd6+ 32. Bd3 Bf8 33. Ra6 Rd7 34. Ke2 Rc7 35. Bb1 Rd7 36. Ba2 Bd6 37. Bc4 Ke7 38. g3 Rb7 39. f4 Rb2+ 40. Kf3 Rc2 41. Ba2 g5 42. Ra7+ Kf6 43. Ra6 Bc5 44. Rxe6+ Kg7 0-1

[Event "CAN-op"]
[Site "Edmonton CAN"]
[Date "2000.07.09"]
[Round "3"]
[White "Nystrom, Kurtis"]
[Black "Lipnowski, Samuel"]
[Result "1/2-1/2"]
[WhiteElo "1675"]
[BlackElo "2009"]
[PlyCount "95"]
[GameId "2160767911678107"]
[EventDate "2000.07.08"]
[EventType "swiss"]
[EventRounds "10"]
[EventCountry "CAN"]

1. e4 c5 2. Nf3 e6 3. d4 cxd4 4. Nxd4 a6 5. Nc3 Qc7 6. Be2 Nf6 7. a3 Be7 8. Be3 O-O 9. O-O d6 10. Bd3 b5 11. Qe2 Bb7 12. f4 Nbd7 13. Nf3 Rac8 14. Rac1 Nb6 15. Bxb6 Qxb6+ 16. Kh1 Nd7 17. Nd1 Nc5 18. Nf2 Na4 19. c3 Nc5 20. Bc2 Nd7 21. Ng4 Nf6 22. Nxf6+ Bxf6 23. e5 dxe5 24. Nxe5 g6 25. Nd7 Qd8 26. Nxf8 Qxf8 27. Be4 Bxe4 28. Qxe4 Rc4 29. Qb7 Qh6 30. Qf3 Qf8 31. Rcd1 Qc8 32. Rd3 Kg7 33. Rfd1 Qc7 34. g3 a5 35. Rd7 Qc8 36. Qb7 Qf8 37. Qxb5 Re4 38. Qd3 Qa8 39. Kg1 Qc6 40. Rd6 Qc5+ 41. Kg2 Re3 42. Qd2 Qa7 43. Qf2 Qb7+ 44. Kg1 Qe4 45. R6d2 h5 46. Rf1 h4 47. Qg2 Qf5 48. Re2 1/2-1/2

[Event "CAN-op"]
[Site "Edmonton CAN"]
[Date "2000.07.09"]
[Round "3"]
[White "Osthoff, Dieter"]
[Black "Taylor, Ian"]
[Result "1/2-1/2"]
[WhiteElo "1610"]
[BlackElo "1304"]
[PlyCount "96"]
[GameId "2160767911678108"]
[EventDate "2000.07.08"]
[EventType "swiss"]
[EventRounds "10"]
[EventCountry "CAN"]

1. d4 d5 2. Nc3 Nc6 3. e4 dxe4 4. f3 Qxd4 5. fxe4 Qxd1+ 6. Nxd1 Nf6 7. Bd3 Nb4 8. Ne3 Nxd3+ 9. cxd3 g6 10. Bd2 Bh6 11. Nf3 Bd7 12. O-O Ng4 13. Nxg4 Bxd2 14. Nf6+ exf6 15. Nxd2 Bb5 16. Nc4 O-O-O 17. Rad1 Bxc4 18. dxc4 Rxd1 19. Rxd1 Re8 20. Re1 Rd8 21. b3 Rd2 22. Ra1 Re2 23. Kf1 Rxe4 24. Rd1 Re6 25. Rd2 c6 26. Kf2 Kc7 27. h3 Rd6 28. Re2 Re6 29. Rd2 a6 30. Kf1 Re5 31. Kf2 b5 32. cxb5 axb5 33. b4 c5 34. a3 c4 35. g3 h5 36. h4 g5 37. Rd4 c3 38. Rd3 Re4 39. Rxc3+ Kb6 40. Rf3 Re6 41. hxg5 fxg5 42. Rxf7 h4 43. gxh4 gxh4 44. Rh7 Re4 45. Rh6+ Kb7 46. Rh5 Kc6 47. Rc5+ Kb6 48. Rh5 Kc6 1/2-1/2

[Event "CAN-op"]
[Site "Edmonton CAN"]
[Date "2000.07.09"]
[Round "3"]
[White "Ottosen, David"]
[Black "Gillanders, Robert"]
[Result "1-0"]
[WhiteElo "2111"]
[BlackElo "1871"]
[PlyCount "99"]
[GameId "2160767911678109"]
[EventDate "2000.07.08"]
[EventType "swiss"]
[EventRounds "10"]
[EventCountry "CAN"]

1. e4 e6 2. d3 d5 3. Nd2 c5 4. g3 Nc6 5. Bg2 Bd6 6. Ngf3 Nge7 7. O-O O-O 8. Re1 f6 9. c3 Qc7 10. a3 b5 11. b4 cxb4 12. cxb4 a5 13. bxa5 Rxa5 14. Nb3 Ra4 15. Bb2 dxe4 16. dxe4 e5 17. Qd3 Rc4 18. Nbd2 Rc5 19. Nb3 Rc4 20. Nfd2 Be6 21. Qb1 Ra4 22. Rc1 Qb6 23. Bf1 Rfa8 24. Qd3 Na7 25. Rc2 Rd8 26. Qe2 Qb7 27. Nc5 Bxc5 28. Rxc5 Qd7 29. Nf3 Bc4 30. Qe3 Bxf1 31. Rxf1 Qd3 32. Re1 Qxe3 33. Rxe3 Rc8 34. Rxc8+ Naxc8 35. Nd2 Nd6 36. Kg2 Kf7 37. Kf3 Ke6 38. Rd3 Nc4 39. Nxc4 Rxc4 40. Rb3 Rc5 41. Ke3 Nc8 42. Bc3 Na7 43. Ba5 Rc6 44. f4 Ra6 45. Bb4 Nc6 46. Bc5 exf4+ 47. gxf4 Na5 48. Rxb5 Nc4+ 49. Kd3 Nxa3 50. Rb3 1-0

[Event "CAN-op"]
[Site "Edmonton CAN"]
[Date "2000.07.09"]
[Round "3"]
[White "Palcic, Branko"]
[Black "Lee, Jason"]
[Result "0-1"]
[WhiteElo "1676"]
[BlackElo "1958"]
[PlyCount "68"]
[GameId "2160767911678110"]
[EventDate "2000.07.08"]
[EventType "swiss"]
[EventRounds "10"]
[EventCountry "CAN"]

1. d4 Nf6 2. c4 g6 3. Nf3 Bg7 4. Nc3 O-O 5. e4 d6 6. h3 e5 7. d5 Ne8 8. Bd3 f5 9. Bg5 Nf6 10. exf5 gxf5 11. Be2 Qe8 12. Bxf6 Rxf6 13. Qb3 Bh6 14. Nd2 Nd7 15. O-O-O Nc5 16. Qa3 e4 17. Kb1 f4 18. f3 e3 19. Nb3 Bf5+ 20. Ka1 b6 21. Nd4 Bd7 22. b4 Na4 23. b5 Nc5 24. Qc1 Rg6 25. Rhg1 a6 26. Qc2 Bg7 27. a3 axb5 28. Ka2 b4 29. Ncb5 Bxb5 30. Nxb5 b3+ 31. Qxb3 Nxb3 32. Nxc7 Qe5 33. Rb1 Nd2 34. Rxb6 Rxg2 0-1

[Event "CAN-op"]
[Site "Edmonton CAN"]
[Date "2000.07.09"]
[Round "3"]
[White "Panjwani, Dilip"]
[Black "Bishop, Tom"]
[Result "1-0"]
[WhiteElo "1599"]
[BlackElo "1923"]
[PlyCount "67"]
[GameId "2160767911678111"]
[EventDate "2000.07.08"]
[EventType "swiss"]
[EventRounds "10"]
[EventCountry "CAN"]

1. e4 d5 2. exd5 Qxd5 3. Nc3 Qa5 4. d4 c6 5. Bc4 Nf6 6. Bd2 Qc7 7. Nge2 e6 8. Bf4 Bd6 9. Qd2 O-O 10. O-O-O Nd5 11. Bxd6 Qxd6 12. Ne4 Qc7 13. f4 b5 14. Bd3 a5 15. g4 Nb4 16. Kb1 Nxd3 17. Qxd3 b4 18. c4 bxc3 19. Qxc3 Ba6 20. N4g3 Nd7 21. f5 exf5 22. gxf5 Nf6 23. Qf3 Rab8 24. Rd2 Bc4 25. Nf4 Rb4 26. Rg1 Rfb8 27. Ngh5 Nxh5 28. Nxh5 Rxb2+ 29. Rxb2 Rxb2+ 30. Kxb2 Qb6+ 31. Kc2 Qxd4 32. Rd1 Qb6 33. Qc3 Qf2+ 34. Kc1 1-0

[Event "CAN-op"]
[Site "Edmonton CAN"]
[Date "2000.07.09"]
[Round "3"]
[White "Phimester, Alex"]
[Black "Leku, Eset"]
[Result "1/2-1/2"]
[WhiteElo "1479"]
[BlackElo "1713"]
[PlyCount "67"]
[GameId "2160767911678112"]
[EventDate "2000.07.08"]
[EventType "swiss"]
[EventRounds "10"]
[EventCountry "CAN"]

1. e4 e6 2. d4 b6 3. Nf3 Bb7 4. Nc3 Bb4 5. Bd2 Bxc3 6. Bxc3 Bxe4 7. d5 Nf6 8. dxe6 fxe6 9. Be2 Nc6 10. O-O O-O 11. Ng5 Bf5 12. Re1 Nd5 13. Nf3 Nxc3 14. bxc3 d5 15. Bb5 Qd6 16. Nd4 Nxd4 17. cxd4 c6 18. Bd3 Bxd3 19. Qxd3 Rf6 20. Re2 c5 21. Qe3 Rh6 22. Qe5 Qxe5 23. dxe5 Rh4 24. g3 Rc4 25. f4 g6 26. Kf2 Rf8 27. h4 Rf5 28. a4 Kg7 29. Ra3 Rf7 30. Ke1 d4 31. Kd1 Rd7 32. Rd2 Rd5 33. Rdd3 Rb4 34. Rdb3 1/2-1/2

[Event "CAN-op"]
[Site "Edmonton CAN"]
[Date "2000.07.09"]
[Round "3"]
[White "Pivovarov, Juraj"]
[Black "Davies, Lucas"]
[Result "0-1"]
[WhiteElo "1677"]
[BlackElo "1810"]
[PlyCount "56"]
[GameId "2160767911678113"]
[EventDate "2000.07.08"]
[EventType "swiss"]
[EventRounds "10"]
[EventCountry "CAN"]

1. c4 e5 2. g3 Nc6 3. Bg2 g6 4. Nc3 Bg7 5. Nf3 d6 6. O-O f5 7. d3 Nf6 8. e4 O-O 9. Bg5 h6 10. Bxf6 Qxf6 11. Nd5 Qf7 12. Rb1 fxe4 13. Ne1 exd3 14. Nxd3 Bf5 15. b4 e4 16. Ne1 Qd7 17. Bh1 e3 18. Nxe3 Bxb1 19. Bd5+ Kh7 20. Qxb1 Nd4 21. Qd1 c6 22. Be4 Rae8 23. Bb1 Qf7 24. h4 Rxe3 25. Bxg6+ Qxg6 26. fxe3 Qxg3+ 27. Ng2 Nf3+ 28. Rxf3 Qxf3 0-1